| 000 | 01173nam a2200205 a 4500 | ||
|---|---|---|---|
| 001 | 000037828 | ||
| 005 | 20201002031125.0 | ||
| 008 | 110413s2010 dr a 000 0cspa d | ||
| 040 |
_aDO-SdBNP _bspa _cBNPHU |
||
| 082 |
_a923.17293 _bB715b, 2012 |
||
| 100 | 1 |
_aBonilla, Bonnie _91501 |
|
| 245 | 1 | 0 |
_aBiografías presidentes dominicanos 1844-2016 / _cBonnie Bonilla ; corrección David Bonilla. |
| 250 | _a6a ed. | ||
| 260 |
_cSanto Domingo _bDelta ediciones, _c2012. |
||
| 300 |
_a70 p. : _bil. ; _c21 cm. |
||
| 504 | _aBibliografía : p. 68 | ||
| 505 | 0 |
_tIntroducción-- _tPrimera Constitución -- _tCantidad de presidentes según su provincia -- _tLos padres de la patria -- _tPresidente Junta Central Gubernativa -- _tPresidentes de Primera República -- _tPresidentes restauradores (Anexión a España) -- _tPresidentes Segunda República -- _tPresidentes Intervención Estadounidense -- _tPresidentes Tercera República -- _tPresidentes Segunda Intervención Estadounidense -- _tPresidentes Cuarta República -- _tBiografía -- _tGuía de trabajo |
|
| 650 | 4 |
_aPresidentes _zRepública Dominicana _xBiografías _91790 |
|
| 650 | 4 |
_aPresidentes _zRepública Dominicana _xHistoria _96913 |
|
| 999 |
_c37318 _d37318 |
||